|
|
|
|
| LEADER |
01161nam a22002775a 4500 |
| 001 |
17469790 |
| 003 |
BD-DhAAL |
| 005 |
20151012020002.0 |
| 008 |
130528s2014 cau 000 0 eng |
| 010 |
|
|
|a 2012949885
|
| 020 |
|
|
|a 9781133959885
|a 1133959881
|
| 040 |
|
|
|a DLC
|c DLC
|d BD-DhAAL
|
| 082 |
|
|
|2 23
|a 301
|
| 245 |
1 |
0 |
|a Anthropology :
|b the human challenge /
|c William A. Haviland... [et al.].
|
| 250 |
|
|
|a 14th Ed.
|
| 260 |
|
|
|a Belmont, CA :
|b Cengage/Wadsworth,
|c 2014.
|
| 300 |
|
|
|a xl, 731 p. :
|b ill. ;
|c 30 cm.
|
| 504 |
|
|
|a Includes bibliographical references (p. 694-714) and index.
|
| 541 |
|
|
|e 27061, 27062
|
| 650 |
|
|
|a Anthropology
|9 1467
|
| 700 |
|
|
|a Haviland, William A.
|9 1994
|
| 942 |
|
|
|2 ddc
|c BK
|0 2
|
| 955 |
|
|
|a pc22 2012-09-20
|
| 999 |
|
|
|c 13514
|d 13514
|
| 952 |
|
|
|0 0
|1 0
|2 ddc
|4 0
|6 301_000000000000000_ANT
|7 0
|9 22533
|a BRACUL
|b BRACUL
|c GEN
|d 2013-05-28
|e Karim International
|g 5350.00
|l 4
|m 9
|o 301 ANT
|p 3010027061
|r 2023-05-07
|s 2023-05-07
|t 1
|w 2013-05-28
|y BK
|
| 952 |
|
|
|0 0
|1 0
|2 ddc
|4 0
|6 301_000000000000000_ANT
|7 0
|9 22534
|a BRACUL
|b BRACUL
|c GEN
|d 2013-05-28
|e Karim International
|g 5350.00
|l 3
|m 16
|o 301 ANT
|p 3010027062
|r 2024-10-01
|s 2024-09-30
|t 2
|w 2013-05-28
|y BK
|